Stanovenie vybraných fluorochinolónových antibiotík na bórom dopovanej diamantovej elektróde diplomová práca

Saved in:
Bibliographic Details
Main Author: Andrejčáková, Dana
Format: Book
Language:Slovak
Published: Bratislava STU FCHPT 2016
Online Access:View in OPAC
Tags: Add Tag
No Tags, Be the first to tag this record!

MARC

LEADER 00000nam a2200000 a 4500
005 20260127134202.0
008 160614 2016 000 0 slo d
035 |a vtls011559939 
039 9 |a 201606230801  |b mschk03  |y 201606141028  |z mschk03 
040 |a STUSCHK1  |b slo  |c STUSCHK1  |e AACR2 
100 1 |a Andrejčáková, Dana 
245 1 |a Stanovenie vybraných fluorochinolónových antibiotík na bórom dopovanej diamantovej elektróde  |b diplomová práca  |c Dana Andrejčáková 
260 |a Bratislava  |b STU FCHPT  |c 2016 
300 |a 54 s.  |b il.  |c 25 cm 
500 |a Študijný program: technická chémia 
500 |a Študijný odbor: chémia, chemické technológie 
500 |a Školiace pracovisko: Ústav analytickej chémie 
500 |a Evid. číslo: FCHPT-104542-43409 
910 |a SCHK95 
999 |c 6138  |d 6138